Immobilized enzymes: Preparation and engineering techniques (Record no. 30883)

MARC details
000 -LEADER
fixed length control field 00309nam a2200109Ia 4500
082 ## - DEWEY DECIMAL CLASSIFICATION NUMBER
Classification number 577.15
Item number GUT
100 ## - MAIN ENTRY--AUTHOR NAME
Personal name Gutcho, Sidney J
245 #0 - TITLE STATEMENT
Title Immobilized enzymes: Preparation and engineering techniques
260 ## - PUBLICATION, DISTRIBUTION, ETC. (IMPRINT)
Place of publication New Jersey
Name of publisher Noyes Data
Year of publication 1974
942 ## - ADDED ENTRY ELEMENTS (KOHA)
Koha item type Books
Holdings
Withdrawn status Lost status Damaged status Not for loan Home library Current library Date acquired Cost, normal purchase price Full call number Accession Number Koha item type
        RRII Library RRII Library 16/12/2021 36.00 577.15 GUT 11442 Books